[Event "7th Fischer Memorial GM 2019"]
[Site "Anogia"]
[Date "2019.09.15"]
[Round "5.1"]
[White "Akash Pc, Iyer"]
[Black "Baenziger, Fabian"]
[Result "1/2-1/2"]
[WhiteElo "2431"]
[BlackElo "2366"]
[Annotator "NA"]
[PlyCount "102"]
[EventDate "2019.09.11"]
[EventType "tourn"]
[EventCountry "GRE"]
[SourceTitle "playchess.com"]
[Source "ChessBase"]
[SourceQuality "1"]
[TimeControl "40/5400+30:1800+30"]

1. d4 {[%emt 0:00:00]} d5 {[%emt 0:00:02]} 2. c4 {[%emt 0:00:00]} dxc4 {[%emt 0:00:24]} 3. e4 {[%emt 0:00:00]} Nf6 {[%emt 0:00:28]} 4. e5 {[%emt 0:00:00]} Nd5 {[%emt 0:00:05]} 5. Bxc4 {[%emt 0:00:00]} Bf5 {[%emt 0:00:57]} 6. Ne2 {[%emt 0:02:53]} Nb6 {[%emt 0:01:11]} 7. Bb3 {[%emt 0:00:07]} e6 {[%emt 0:00:14]} 8. Nbc3 {[%emt 0:03:00]} Nc6 {[%emt 0:00:53]} 9. O-O {[%emt 0:00:14]} Qd7 {[%emt 0:00:49]} 10. Be3 {[%emt 0:00:12]} O-O-O {[%emt 0:00:21]} 11. Qc1 {[%emt 0:00:34]} Kb8 {[%emt 0:01:02]} 12. Rd1 {[%emt 0:00:10]} Qe8 {[%emt 0:01:31]} 13. Ng3 {[%emt 0:03:07]} Bg6 {[%emt 0:00:19]} 14. Nge4 {[%emt 0:05:28]} Bf5 {[%emt 0:01:31]} 15. f3 {[%emt 0:00:14]} h5 {[%emt 0:04:06]} 16. Kh1 {[%emt 0:22:16]} Be7 {[%emt 0:09:08]} 17. a3 {[%emt 0:08:42]} h4 {[%emt 0:09:41]} 18. h3 {[%emt 0:02:27]} f6 {[%emt 0:09:00]} 19. exf6 {[%emt 0:10:35]} gxf6 {[%emt 0:00:07]} 20. Nc5 {[%emt 0:00:05]} Qf7 {[%emt 0:13:23]} 21. Ne2 {[%emt 0:03:03]} Bd6 {[%emt 0:09:36]} 22. Bf4 {[%emt 0:07:31]} Ne7 {[%emt 0:04:55]} 23. Ne4 {[%emt 0:02:46]} Bxf4 {[%emt 0:03:14]} 24. Nxf4 {[%emt 0:00:09]} Nbd5 {[%emt 0:01:15]} 25. Bxd5 {[%emt 0:00:07]} Nxd5 {[%emt 0:00:29]} 26. Nc3 {[%emt 0:01:02]} Nb6 {[%emt 0:04:31]} 27. Qe3 {[%emt 0:01:33]} Rhg8 {[%emt 0:01:31]} 28. a4 {[%emt 0:01:12]} Nc4 {[%emt 0:02:39]} 29. Qe2 {[%emt 0:00:27]} e5 {[%emt 0:00:53]} 30. dxe5 {[%emt 0:01:15]} fxe5 {[%emt 0:00:32]} 31. Rxd8+ {[%emt 0:01:07]} Rxd8 {[%emt 0:00:05]} 32. Nfd5 {[%emt 0:00:47]} Rxd5 {[%emt 0:15:11]} 33. Nxd5 {[%emt 0:00:07]} Qxd5 {[%emt 0:00:03]} 34. Rd1 {[%emt 0:00:03]} Qg8 {[%emt 0:02:02]} 35. b3 {[%emt 0:03:20]} Nd6 {[%emt 0:00:04]} 36. Qxe5 {[%emt 0:00:05]} Bc8 {[%emt 0:02:27]} 37. Qc3 {[%emt 0:00:47]} Nf5 {[%emt 0:01:28]} 38. Rc1 {[%emt 0:00:18]} Qh7 {[%emt 0:00:58]} 39. Qe5 {[%emt 0:00:28]} Qf7 {[%emt 0:01:11]} 40. Rc4 {[%emt 0:00:00]} Qh7 {[%emt 0:00:00]} 41. Kh2 {[%emt 0:01:41]} Qd7 {[%emt 0:01:10]} 42. f4 {[%emt 0:08:40]} Qd6 {[%emt 0:01:39]} 43. Rc5 {[%emt 0:02:01]} b6 {[%emt 0:10:05]} 44. Rd5 {[%emt 0:00:07]} Qg6 {[%emt 0:00:14]} 45. Rd3 {[%emt 0:01:37]} a5 {[%emt 0:01:48]} 46. Qh8 {[%emt 0:02:35]} Qe6 {[%emt 0:02:10]} 47. Rd8 {[%emt 0:00:15]} Kb7 {[%emt 0:00:08]} 48. Re8 {[%emt 0:00:19]} Qxb3 {[%emt 0:08:36]} 49. Rxc8 {[%emt 0:00:14]} Qg3+ {[%emt 0:00:04]} 50. Kh1 {[%emt 0:00:32]} Qe1+ {[%emt 0:00:05]} 51. Kh2 {[%emt 0:00:03]} Qg3+ {[%emt 0:00:11]} 1/2-1/2

[Event "7th Fischer Memorial GM 2019"]
[Site "Anogia"]
[Date "2019.09.15"]
[Round "5.2"]
[White "Gretarsson, Helgi Ass"]
[Black "Kapnisis, Spyridon"]
[Result "0-1"]
[WhiteElo "2410"]
[BlackElo "2465"]
[Annotator "ChessBase"]
[PlyCount "94"]
[EventDate "2019.09.11"]
[EventType "tourn"]
[EventCountry "GRE"]
[SourceTitle "playchess.com"]
[Source "ChessBase"]
[SourceQuality "1"]
[TimeControl "40/5400+30:1800+30"]

1. d4 {[%emt 0:00:00]} Nf6 {[%emt 0:00:46]} 2. Nf3 {[%emt 0:00:03]} g6 {[%emt 0:00:30]} 3. Bg5 {[%emt 0:00:13]} Bg7 {[%emt 0:00:06]} 4. Nbd2 {[%emt 0:00:05]} O-O {[%emt 0:00:25]} 5. e4 {[%emt 0:00:18]} d5 {[%emt 0:00:56]} 6. exd5 {[%emt 0:22:11]} Nxd5 {[%emt 0:00:09]} 7. Nb3 {[%emt 0:00:05]} a5 {[%emt 0:03:59]} 8. a4 {[%emt 0:00:16]} Qd6 {[%emt 0:16:49]} 9. Bc4 {[%emt 0:21:02]} Nd7 {[%emt 0:13:45]} 10. O-O {[%emt 0:01:28]} N7b6 {[%emt 0:00:25]} 11. Bd3 {[%emt 0:01:41]} Nf4 {[%emt 0:09:33]} 12. Be4 {[%emt 0:02:34]} h6 {[%emt 0:01:05]} 13. Bxf4 {[%emt 0:00:14]} Qxf4 {[%emt 0:00:04]} 14. Re1 {[%emt 0:00:38]} Nc4 {[%emt 0:14:59]} 15. c3 {[%emt 0:06:11]} Re8 {[%emt 0:07:22]} 16. Nc5 {[%emt 0:15:43]} Nd6 {[%emt 0:03:11]} 17. Qb3 {[%emt 0:00:33]} Nxe4 {[%emt 0:01:13]} 18. Rxe4 {[%emt 0:00:05]} Qd6 {[%emt 0:00:06]} 19. Ne5 {[%emt 0:02:45]} e6 {[%emt 0:01:48]} 20. Qb5 {[%emt 0:04:37]} Rd8 {[%emt 0:01:21]} 21. Rae1 {[%emt 0:00:20]} b6 {[%emt 0:02:16]} 22. Nxf7 {[%emt 0:03:03]} Kxf7 {[%emt 0:00:26]} 23. Nxe6 {[%emt 0:00:01]} Bxe6 {[%emt 0:01:49]} 24. Rxe6 {[%emt 0:00:02]} Qd5 {[%emt 0:02:19]} 25. Re7+ {[%emt 0:01:48]} Kf8 {[%emt 0:00:04]} 26. Qd3 {[%emt 0:09:33]} Re8 {[%emt 0:09:06]} 27. Rxe8+ {[%emt 0:00:35]} Rxe8 {[%emt 0:00:03]} 28. Rxe8+ {[%emt 0:00:05]} Kxe8 {[%emt 0:00:03]} 29. Qxg6+ {[%emt 0:01:13]} Qf7 {[%emt 0:00:10]} 30. Qc6+ {[%emt 0:00:51]} Qd7 {[%emt 0:00:16]} 31. Qc4 {[%emt 0:00:04]} Qf5 {[%emt 0:01:14]} 32. h4 {[%emt 0:01:04]} Kd7 {[%emt 0:00:31]} 33. g3 {[%emt 0:03:20]} Bf8 {[%emt 0:00:26]} 34. Kg2 {[%emt 0:03:39]} Qe4+ {[%emt 0:02:05]} 35. f3 {[%emt 0:00:37]} Qc2+ {[%emt 0:00:05]} 36. Kh3 {[%emt 0:00:01]} Qf5+ {[%emt 0:00:08]} 37. Kg2 {[%emt 0:00:04]} Bd6 {[%emt 0:00:35]} 38. Qg8 {[%emt 0:01:14]} h5 {[%emt 0:04:08]} 39. d5 {[%emt 0:00:35]} Qc2+ {[%emt 0:02:37]} 40. Kh3 {[%emt 0:00:00]} Qf5+ {[%emt 0:00:00]} 41. Kg2 {[%emt 0:00:13]} Qe5 {[%emt 0:08:16]} 42. Kf1 {[%emt 0:28:49]} Qxg3 {[%emt 0:01:34]} 43. Qh7+ {[%emt 0:00:43]} Be7 {[%emt 0:01:15]} 44. Qxh5 {[%emt 0:00:12]} Qxh4 {[%emt 0:00:47]} 45. Qf5+ {[%emt 0:00:06]} Kd8 {[%emt 0:00:08]} 46. b3 {[%emt 0:01:05]} Qf6 {[%emt 0:05:34]} 47. Qd3 {[%emt 0:01:29]} Qe5 {[%emt 0:00:06]} 0-1

[Event "7th Fischer Memorial GM 2019"]
[Site "Anogia"]
[Date "2019.09.15"]
[Round "5.3"]
[White "Storey, Charles H"]
[Black "Kaasen, Tor Fredrik"]
[Result "0-1"]
[WhiteElo "2282"]
[BlackElo "2405"]
[Annotator "NA"]
[PlyCount "88"]
[EventDate "2019.09.11"]
[EventType "tourn"]
[EventCountry "GRE"]
[SourceTitle "playchess.com"]
[Source "ChessBase"]
[SourceQuality "1"]
[TimeControl "40/5400+30:1800+30"]

1. e4 {[%emt 0:01:39]} c5 {[%emt 0:00:00]} 2. Nf3 {[%emt 0:00:03]} d6 {[%emt 0:00:21]} 3. d4 {[%emt 0:00:04]} cxd4 {[%emt 0:00:08]} 4. Nxd4 {[%emt 0:00:02]} Nf6 {[%emt 0:00:18]} 5. Nc3 {[%emt 0:00:05]} a6 {[%emt 0:00:06]} 6. Bg5 {[%emt 0:00:12]} Nbd7 {[%emt 0:00:37]} 7. Qe2 {[%emt 0:02:15]} h6 {[%emt 0:00:37]} 8. Be3 {[%emt 0:00:44]} e6 {[%emt 0:04:56]} 9. g4 {[%emt 0:00:36]} b5 {[%emt 0:00:59]} 10. a3 {[%emt 0:05:56]} Bb7 {[%emt 0:00:40]} 11. Bg2 {[%emt 0:01:08]} Ne5 {[%emt 0:04:02]} 12. f4 {[%emt 0:03:33]} Nexg4 {[%emt 0:03:47]} 13. O-O-O {[%emt 0:05:31]} Nxe3 {[%emt 0:05:39]} 14. Qxe3 {[%emt 0:00:04]} Be7 {[%emt 0:06:47]} 15. Kb1 {[%emt 0:09:17]} Qc7 {[%emt 0:04:03]} 16. Rd3 {[%emt 0:02:14]} Nd7 {[%emt 0:02:33]} 17. Qh3 {[%emt 0:07:36]} Nc5 {[%emt 0:04:29]} 18. Rg3 {[%emt 0:00:30]} Bf6 {[%emt 0:01:56]} 19. Rd1 {[%emt 0:00:10]} Qb6 {[%emt 0:06:20]} 20. b4 {[%emt 0:15:26]} Bxd4 {[%emt 0:12:30]} 21. Rxd4 {[%emt 0:00:38]} Na4 {[%emt 0:00:41]} 22. Ne2 {[%emt 0:00:57]} Rc8 {[%emt 0:00:49]} 23. c3 {[%emt 0:07:34]} a5 {[%emt 0:03:33]} 24. Kc2 {[%emt 0:02:02]} axb4 {[%emt 0:02:30]} 25. axb4 {[%emt 0:00:03]} Rc7 {[%emt 0:03:09]} 26. Kd2 {[%emt 0:01:33]} e5 {[%emt 0:01:27]} 27. Rdd3 {[%emt 0:03:45]} Nb2 {[%emt 0:01:11]} 28. Rxg7 {[%emt 0:00:20]} Nxd3 {[%emt 0:00:37]} 29. Qxd3 {[%emt 0:00:28]} Rc4 {[%emt 0:04:07]} 30. f5 {[%emt 0:01:25]} Qd8 {[%emt 0:03:26]} 31. Qg3 {[%emt 0:03:02]} Qf6 {[%emt 0:01:12]} 32. Kd3 {[%emt 0:01:29]} Ke7 {[%emt 0:00:35]} 33. Rg4 {[%emt 0:03:40]} Rd8 {[%emt 0:01:06]} 34. Rg8 {[%emt 0:06:00]} d5 {[%emt 0:01:31]} 35. Rxd8 {[%emt 0:00:32]} dxe4+ {[%emt 0:00:24]} 36. Kc2 {[%emt 0:00:47]} Kxd8 {[%emt 0:00:05]} 37. Nc1 {[%emt 0:00:58]} Qxf5 {[%emt 0:01:35]} 38. Qe3 {[%emt 0:05:56]} Kc7 {[%emt 0:02:13]} 39. Nb3 {[%emt 0:01:03]} Qg5 {[%emt 0:01:24]} 40. Qf2 {[%emt 0:00:00]} f5 {[%emt 0:00:00]} 41. Bf1 {[%emt 0:00:43]} e3 {[%emt 0:01:41]} 42. Qe1 {[%emt 0:00:09]} Be4+ {[%emt 0:00:14]} 43. Kb2 {[%emt 0:00:06]} Qg1 {[%emt 0:00:32]} 44. Qh4 {[%emt 0:01:23]} Qf2+ {[%emt 0:00:43]} 0-1

[Event "7th Fischer Memorial GM 2019"]
[Site "Anogia"]
[Date "2019.09.15"]
[Round "5.4"]
[White "Percivaldi, Martin"]
[Black "Levin, Evgeny A."]
[Result "1/2-1/2"]
[WhiteElo "2396"]
[BlackElo "2511"]
[Annotator "RC"]
[PlyCount "119"]
[EventDate "2019.09.11"]
[EventType "tourn"]
[EventCountry "GRE"]
[SourceTitle "playchess.com"]
[Source "ChessBase"]
[SourceQuality "1"]
[TimeControl "40/5400+30:1800+30"]

1. d4 {[%emt 0:00:00]} Nf6 {[%emt 0:00:00]} 2. c4 {[%emt 0:00:00]} e6 {[%emt 0:00:00]} 3. g3 {[%emt 0:00:35]} c5 {[%emt 0:00:00]} 4. d5 {[%emt 0:00:13]} exd5 {[%emt 0:00:00]} 5. cxd5 {[%emt 0:00:12]} d6 {[%emt 0:00:00]} 6. Nc3 {[%emt 0:00:13]} g6 {[%emt 0:00:00]} 7. Nf3 {[%emt 0:00:13]} Bg7 {[%emt 0:00:05]} 8. Bg2 {[%emt 0:00:11]} O-O {[%emt 0:00:05]} 9. O-O {[%emt 0:00:13]} Re8 {[%emt 0:00:06]} 10. Re1 {[%emt 0:00:44]} Ne4 {[%emt 0:02:12]} 11. Nxe4 {[%emt 0:00:40]} Rxe4 {[%emt 0:00:04]} 12. Bg5 {[%emt 0:00:14]} Qc7 {[%emt 0:01:08]} 13. Nd2 {[%emt 0:00:14]} Re8 {[%emt 0:01:17]} 14. Bf4 {[%emt 0:02:50]} Nd7 {[%emt 0:16:06]} 15. Nc4 {[%emt 0:01:58]} Bf8 {[%emt 0:11:53]} 16. Qb3 {[%emt 0:01:22]} Nb6 {[%emt 0:09:14]} 17. Nd2 {[%emt 0:04:25]} Bg4 {[%emt 0:07:45]} 18. Ne4 {[%emt 0:25:39]} Nd7 {[%emt 0:03:50]} 19. h3 {[%emt 0:00:24]} Bf5 {[%emt 0:18:08]} 20. Nd2 {[%emt 0:05:24]} Ne5 {[%emt 0:11:05]} 21. e4 {[%emt 0:06:03]} Bd7 {[%emt 0:00:30]} 22. Bxe5 {[%emt 0:17:29]} Rxe5 {[%emt 0:00:08]} 23. Nc4 {[%emt 0:00:09]} Ree8 {[%emt 0:00:08]} 24. a4 {[%emt 0:01:32]} Rab8 {[%emt 0:04:26]} 25. Qc2 {[%emt 0:14:50]} Bg7 {[%emt 0:02:50]} 26. Bf1 {[%emt 0:03:03]} Bd4 {[%emt 0:08:17]} 27. Kh2 {[%emt 0:00:53]} f5 {[%emt 0:02:46]} 28. Bd3 {[%emt 0:02:45]} fxe4 {[%emt 0:00:19]} 29. Rxe4 {[%emt 0:02:30]} Rxe4 {[%emt 0:00:24]} 30. Bxe4 {[%emt 0:00:05]} Rf8 {[%emt 0:00:27]} 31. Rf1 {[%emt 0:01:46]} a6 {[%emt 0:01:36]} 32. f4 {[%emt 0:01:41]} b5 {[%emt 0:00:16]} 33. axb5 {[%emt 0:00:06]} axb5 {[%emt 0:00:15]} 34. Nd2 {[%emt 0:00:11]} Qd8 {[%emt 0:01:06]} 35. Nf3 {[%emt 0:01:24]} Qf6 {[%emt 0:00:20]} 36. b3 {[%emt 0:02:02]} Re8 {[%emt 0:00:37]} 37. Rd1 {[%emt 0:00:44]} Bc3 {[%emt 0:00:22]} 38. Ng5 {[%emt 0:00:29]} Kg7 {[%emt 0:00:39]} 39. Rd3 {[%emt 0:02:21]} b4 {[%emt 0:00:14]} 40. Re3 {[%emt 0:00:00]} h6 {[%emt 0:00:00]} 41. Ne6+ {[%emt 0:09:49]} Bxe6 {[%emt 0:01:21]} 42. dxe6 {[%emt 0:00:06]} Qxe6 {[%emt 0:16:29]} 43. Re2 {[%emt 0:00:33]} c4 {[%emt 0:00:42]} 44. bxc4 {[%emt 0:02:58]} Qxc4 {[%emt 0:00:05]} 45. Bd3 {[%emt 0:00:17]} Qf7 {[%emt 0:06:37]} 46. Bc4 {[%emt 0:07:18]} Qf5 {[%emt 0:01:38]} 47. Qxf5 {[%emt 0:06:30]} Rxe2+ {[%emt 0:00:04]} 48. Bxe2 {[%emt 0:00:03]} gxf5 {[%emt 0:00:07]} 49. Bc4 {[%emt 0:00:02]} Kf6 {[%emt 0:00:32]} 50. g4 {[%emt 0:00:27]} Bd2 {[%emt 0:01:06]} 51. Kg3 {[%emt 0:00:23]} fxg4 {[%emt 0:00:06]} 52. hxg4 {[%emt 0:01:43]} Ke7 {[%emt 0:00:14]} 53. g5 {[%emt 0:01:39]} hxg5 {[%emt 0:01:16]} 54. fxg5 {[%emt 0:00:05]} Bxg5 {[%emt 0:00:03]} 55. Kf3 {[%emt 0:00:06]} Kd7 {[%emt 0:00:03]} 56. Ke4 {[%emt 0:00:23]} Kc6 {[%emt 0:00:04]} 57. Bd5+ {[%emt 0:00:27]} Kb5 {[%emt 0:00:07]} 58. Bb3 {[%emt 0:00:05]} Kc5 {[%emt 0:00:03]} 59. Bd5 {[%emt 0:00:17]} Kb5 {[%emt 0:01:07]} 60. Bb3 {[%emt 0:00:07]} 1/2-1/2

[Event "7th Fischer Memorial GM 2019"]
[Site "Anogia"]
[Date "2019.09.15"]
[Round "5.5"]
[White "Mitsis, Georgios"]
[Black "Stoyanov, Tsvetan"]
[Result "1/2-1/2"]
[WhiteElo "2374"]
[BlackElo "2373"]
[Annotator "NA"]
[PlyCount "120"]
[EventDate "2019.09.11"]
[EventType "tourn"]
[EventCountry "GRE"]
[SourceTitle "playchess.com"]
[Source "ChessBase"]
[SourceQuality "1"]
[TimeControl "40/5400+30:1800+30"]

1. d4 {[%emt 0:00:00]} Nf6 {[%emt 0:05:19]} 2. c4 {[%emt 0:00:00]} e6 {[%emt 0:00:10]} 3. Nf3 {[%emt 0:00:53]} Bb4+ {[%emt 0:00:14]} 4. Bd2 {[%emt 0:02:44]} Qe7 {[%emt 0:03:44]} 5. g3 {[%emt 0:00:14]} Bxd2+ {[%emt 0:02:37]} 6. Qxd2 {[%emt 0:00:37]} d6 {[%emt 0:07:07]} 7. Bg2 {[%emt 0:00:27]} e5 {[%emt 0:03:10]} 8. Nc3 {[%emt 0:01:43]} O-O {[%emt 0:01:28]} 9. O-O {[%emt 0:00:45]} Bg4 {[%emt 0:07:24]} 10. h3 {[%emt 0:29:23]} Bxf3 {[%emt 0:00:56]} 11. exf3 {[%emt 0:00:15]} c6 {[%emt 0:13:17]} 12. Rfe1 {[%emt 0:02:46]} Qc7 {[%emt 0:00:25]} 13. f4 {[%emt 0:02:18]} exf4 {[%emt 0:05:38]} 14. Qxf4 {[%emt 0:00:21]} Na6 {[%emt 0:00:03]} 15. g4 {[%emt 0:01:13]} Rae8 {[%emt 0:22:48]} 16. g5 {[%emt 0:01:09]} Nd7 {[%emt 0:00:20]} 17. b3 {[%emt 0:19:06]} f6 {[%emt 0:10:06]} 18. Rxe8 {[%emt 0:06:27]} Rxe8 {[%emt 0:00:01]} 19. Ne4 {[%emt 0:00:18]} d5 {[%emt 0:01:44]} 20. Qxc7 {[%emt 0:00:43]} Nxc7 {[%emt 0:00:02]} 21. Nd6 {[%emt 0:00:08]} Re2 {[%emt 0:07:43]} 22. cxd5 {[%emt 0:06:42]} Nxd5 {[%emt 0:00:55]} 23. Bxd5+ {[%emt 0:00:07]} cxd5 {[%emt 0:00:01]} 24. Rc1 {[%emt 0:00:09]} Rxa2 {[%emt 0:03:47]} 25. Rc7 {[%emt 0:01:05]} Nf8 {[%emt 0:00:13]} 26. gxf6 {[%emt 0:07:53]} gxf6 {[%emt 0:00:01]} 27. Ne8 {[%emt 0:00:29]} Ra6 {[%emt 0:01:17]} 28. Rg7+ {[%emt 0:00:11]} Kh8 {[%emt 0:00:01]} 29. Rxb7 {[%emt 0:00:19]} Re6 {[%emt 0:02:07]} 30. Nc7 {[%emt 0:02:17]} Re7 {[%emt 0:00:12]} 31. Rxa7 {[%emt 0:00:08]} Ne6 {[%emt 0:00:03]} 32. Ra8+ {[%emt 0:00:26]} Kg7 {[%emt 0:00:01]} 33. Nxd5 {[%emt 0:06:53]} Rd7 {[%emt 0:02:05]} 34. Ra6 {[%emt 0:00:43]} Nxd4 {[%emt 0:01:11]} 35. Nxf6 {[%emt 0:00:07]} Rb7 {[%emt 0:00:08]} 36. Nh5+ {[%emt 0:00:10]} Kg8 {[%emt 0:00:37]} 37. b4 {[%emt 0:01:35]} Rxb4 {[%emt 0:00:39]} 38. Ra7 {[%emt 0:00:16]} h6 {[%emt 0:00:50]} 39. Nf6+ {[%emt 0:02:15]} Kf8 {[%emt 0:00:01]} 40. Rh7 {[%emt 0:00:00]} Nf5 {[%emt 0:00:00]} 41. Ng4 {[%emt 0:04:20]} Rb3 {[%emt 0:07:23]} 42. Nxh6 {[%emt 0:00:31]} Rxh3 {[%emt 0:00:17]} 43. Rf7+ {[%emt 0:00:54]} Ke8 {[%emt 0:00:00]} 44. Rxf5 {[%emt 0:00:09]} Rxh6 {[%emt 0:00:03]} 45. Kg2 {[%emt 0:00:07]} Ke7 {[%emt 0:00:19]} 46. Kg3 {[%emt 0:00:16]} Rg6+ {[%emt 0:03:09]} 47. Kf4 {[%emt 0:00:11]} Ra6 {[%emt 0:00:24]} 48. Kg5 {[%emt 0:00:52]} Ra1 {[%emt 0:00:21]} 49. Rb5 {[%emt 0:01:39]} Rg1+ {[%emt 0:01:14]} 50. Kf5 {[%emt 0:00:00]} Ra1 {[%emt 0:00:40]} 51. f4 {[%emt 0:00:00]} Kf7 {[%emt 0:00:48]} 52. Rb7+ {[%emt 0:00:00]} Kf8 {[%emt 0:00:11]} 53. Kg5 {[%emt 0:00:00]} Ra5+ {[%emt 0:00:45]} 54. f5 {[%emt 0:00:00]} Ra6 {[%emt 0:00:01]} 55. Rh7 {[%emt 0:00:08]} Kg8 {[%emt 0:00:48]} 56. Re7 {[%emt 0:00:26]} Kf8 {[%emt 0:00:45]} 57. Re6 {[%emt 0:00:18]} Rxe6 {[%emt 0:00:23]} 58. fxe6 {[%emt 0:00:03]} Ke7 {[%emt 0:00:04]} 59. Kf5 {[%emt 0:00:06]} Ke8 {[%emt 0:00:09]} 60. e7 {[%emt 0:00:03]} Kxe7 {[%emt 0:00:03]} 1/2-1/2

[Event "7th Fischer Memorial GM 2019"]
[Site "Anogia"]
[Date "2019.09.16"]
[Round "6.1"]
[White "Baenziger, Fabian"]
[Black "Stoyanov, Tsvetan"]
[Result "1/2-1/2"]
[WhiteElo "2366"]
[BlackElo "2373"]
[Annotator "NA"]
[PlyCount "47"]
[EventDate "2019.09.11"]
[EventType "tourn"]
[EventCountry "GRE"]
[SourceTitle "playchess.com"]
[Source "ChessBase"]
[SourceQuality "1"]
[TimeControl "40/5400+30:1800+30"]

1. Nf3 {[%emt 0:00:00]} Nf6 {[%emt 0:05:58]} 2. g3 {[%emt 0:00:06]} g6 {[%emt 0:00:17]} 3. Bg2 {[%emt 0:00:32]} Bg7 {[%emt 0:00:07]} 4. O-O {[%emt 0:01:07]} O-O {[%emt 0:01:08]} 5. c4 {[%emt 0:00:25]} c5 {[%emt 0:00:02]} 6. Nc3 Nc6 {[%emt 0:00:42]} 7. d4 {[%emt 0:02:04]} d5 {[%emt 0:04:39]} 8. cxd5 {[%emt 0:00:46]} Nxd5 {[%emt 0:00:00]} 9. Nxd5 Qxd5 {[%emt 0:09:14]} 10. Be3 cxd4 {[%emt 0:14:01]} 11. Nxd4 {[%emt 0:01:42]} Qh5 {[%emt 0:00:00]} 12. Nxc6 bxc6 {[%emt 0:02:31]} 13. Rc1 {[%emt 0:21:08]} Bg4 {[%emt 0:04:42]} 14. Rc5 {[%emt 0:03:39]} Bxe2 {[%emt 0:00:27]} 15. Rxh5 {[%emt 0:00:06]} Bxd1 {[%emt 0:00:08]} 16. Rc5 {[%emt 0:14:16]} Rad8 {[%emt 0:02:49]} 17. b3 {[%emt 0:04:03]} Bg4 {[%emt 0:12:41]} 18. h3 {[%emt 0:03:19]} Bf5 {[%emt 0:13:45]} 19. Rxc6 Bd4 {[%emt 0:08:21]} 20. Bxd4 {[%emt 0:00:07]} Rxd4 {[%emt 0:00:04]} 21. Rc7 {[%emt 0:01:47]} Rd7 {[%emt 0:01:37]} 22. Rfc1 {[%emt 0:00:38]} Rfd8 {[%emt 0:01:54]} 23. g4 {[%emt 0:01:42]} Be6 {[%emt 0:00:00]} 24. Bf3 {[%emt 0:15:27]} 1/2-1/2

[Event "7th Fischer Memorial GM 2019"]
[Site "Anogia"]
[Date "2019.09.16"]
[Round "6.2"]
[White "Levin, Evgeny A."]
[Black "Mitsis, Georgios"]
[Result "1/2-1/2"]
[WhiteElo "2511"]
[BlackElo "2374"]
[Annotator "ChessBase"]
[PlyCount "79"]
[EventDate "2019.09.11"]
[EventType "tourn"]
[EventCountry "GRE"]
[SourceTitle "playchess.com"]
[Source "ChessBase"]
[SourceQuality "1"]
[TimeControl "40/5400+30:1800+30"]

1. d4 {[%emt 0:03:23]} Nf6 {[%emt 0:00:00]} 2. c4 {[%emt 0:00:04]} e6 {[%emt 0:00:00]} 3. Nc3 {[%emt 0:00:10]} Bb4 {[%emt 0:00:00]} 4. e3 {[%emt 0:00:05]} O-O {[%emt 0:00:12]} 5. Bd3 {[%emt 0:00:04]} d5 {[%emt 0:00:21]} 6. Nf3 {[%emt 0:00:19]} dxc4 {[%emt 0:00:21]} 7. Bxc4 {[%emt 0:00:05]} c5 {[%emt 0:00:10]} 8. O-O {[%emt 0:00:08]} Nbd7 {[%emt 0:00:06]} 9. Qe2 {[%emt 0:01:26]} b6 {[%emt 0:00:53]} 10. Rd1 {[%emt 0:00:53]} Bb7 {[%emt 0:00:13]} 11. d5 {[%emt 0:01:48]} Bxc3 {[%emt 0:00:23]} 12. dxe6 {[%emt 0:00:19]} Bxf3 {[%emt 0:00:38]} 13. gxf3 {[%emt 0:00:18]} fxe6 {[%emt 0:00:38]} 14. Bxe6+ {[%emt 0:01:32]} Kh8 {[%emt 0:00:07]} 15. bxc3 {[%emt 0:00:19]} Qe7 {[%emt 0:00:48]} 16. Bxd7 {[%emt 0:05:16]} Nxd7 {[%emt 0:00:08]} 17. c4 {[%emt 0:20:58]} Qe6 {[%emt 0:15:21]} 18. Bb2 {[%emt 0:12:17]} Ne5 {[%emt 0:00:39]} 19. Bxe5 {[%emt 0:02:52]} Qxe5 {[%emt 0:00:06]} 20. Rac1 {[%emt 0:06:16]} Qg5+ {[%emt 0:01:02]} 21. Kh1 {[%emt 0:05:33]} Qh5 {[%emt 0:00:11]} 22. Rd7 {[%emt 0:05:37]} Qxf3+ {[%emt 0:02:00]} 23. Qxf3 {[%emt 0:00:04]} Rxf3 {[%emt 0:00:11]} 24. Rc2 {[%emt 0:03:48]} Kg8 {[%emt 0:05:24]} 25. Kg2 {[%emt 0:04:45]} Rf6 {[%emt 0:01:52]} 26. Rcd2 {[%emt 0:13:17]} Rg6+ {[%emt 0:03:37]} 27. Kf1 {[%emt 0:02:47]} Rg4 {[%emt 0:00:33]} 28. Rc7 {[%emt 0:05:30]} Rxc4 {[%emt 0:01:46]} 29. h3 {[%emt 0:00:02]} Rh4 {[%emt 0:02:15]} 30. Rdd7 {[%emt 0:00:04]} g6 {[%emt 0:01:54]} 31. Kg2 {[%emt 0:00:49]} Rh5 {[%emt 0:00:28]} 32. f4 {[%emt 0:01:09]} b5 {[%emt 0:02:57]} 33. e4 {[%emt 0:00:38]} c4 {[%emt 0:01:39]} 34. e5 {[%emt 0:00:20]} a6 {[%emt 0:01:49]} 35. Kg3 {[%emt 0:00:10]} a5 {[%emt 0:01:36]} 36. Kg4 {[%emt 0:02:04]} Rb8 {[%emt 0:01:28]} 37. Rd5 {[%emt 0:02:44]} Rf5 {[%emt 0:01:18]} 38. Rdd7 {[%emt 0:00:08]} Rh5 {[%emt 0:00:22]} 39. Kg3 {[%emt 0:00:19]} Rf8 {[%emt 0:01:50]} 40. Kg4 {[%emt 0:00:00]} 1/2-1/2

[Event "7th Fischer Memorial GM 2019"]
[Site "Anogia"]
[Date "2019.09.16"]
[Round "6.3"]
[White "Kaasen, Tor Fredrik"]
[Black "Percivaldi, Martin"]
[Result "1/2-1/2"]
[WhiteElo "2405"]
[BlackElo "2396"]
[Annotator "TA"]
[PlyCount "108"]
[EventDate "2019.09.11"]
[EventType "tourn"]
[EventCountry "GRE"]
[SourceTitle "playchess.com"]
[Source "ChessBase"]
[SourceQuality "1"]

{[%evp 20,108,16,23,35,35,35,31,28,10,29,25,14,21,31,-8,33,20,33,23,72,60,77,19,34,8,1,0,0,-30,-17,-12,-17,-43,-37,-35,-28,-50,-41,-44,0,0,0,0,-4,-25,-11,-20,-5,-25,-16,-12,0,0,0,-2,6,14,10,15,16,0,0,0,0,0,0,6,6,5,6,6,12,0,0,0,0,0,0,0,0,0,0,0,0,-62,23,16,25,0,8]} 1. e4 e5 2. Nf3 Nc6 3. Bb5 a6 4. Ba4 Nf6 5. O-O Be7 6. Re1 b5 7. Bb3 d6 8. c3 O-O 9. h3 Bb7 10. d4 Re8 11. Nbd2 exd4 {C92: Closed Ruy Lopez: 9...Be6, Karpov and Flohr-Zaitsev Variations} 12. cxd4 Nd7 13. Nf1 Na5 {White is slightly better.} 14. Bc2 Bf6 15. Bf4 Nf8 16. Ng3 Ne6 17. Bd2 {[#]} c5 $146 ({Predecessor:} 17... Nc4 18. Bc3 c5 19. e5 dxe5 20. dxe5 {½-½ (32) Motylev,A (2658)-Svidler,P (2739) Chita 2015}) 18. d5 Nd4 19. Bc3 {[%cal Rf3d4]} Nxf3+ 20. Qxf3 {Threatens to win with Bxf6.} Bxc3 21. bxc3 (21. Qxc3 $16 g6 22. b3) 21... Nc4 {[%cal Ba5c4,Bc4e5,Be5g6][%mdl 32]} 22. Qf4 Bc8 23. Bd3 {Black should prevent Bxc4.} Ne5 $36 {[%mdl 2048] Black is pushing.} 24. Bf1 Ng6 25. Qd2 Qf6 26. Re3 Bd7 27. Rae1 a5 28. Nh5 Qg5 29. Qd1 Nf4 (29... Re5 $5 {[%cal Rg5h5]} 30. g4 f5 31. exf5 Rxf5 $15) 30. Nxf4 Qxf4 31. g3 Qh6 32. Kh2 f6 33. f4 Re7 34. Qf3 Rae8 35. a3 Kh8 36. Qf2 g5 37. Bg2 Qg6 38. Rf1 {next fxg5 is good for White.} Rf8 39. fxg5 Qxg5 40. Rf3 {[%cal Rf3f6]} Rg7 41. g4 {[%cal Rf3f6]} Qe5+ 42. Qg3 Qxg3+ 43. Kxg3 Rgf7 44. Rb1 Rb8 45. Kf4 Kg7 46. h4 Be8 47. Rf2 Rfb7 48. Rfb2 Bd7 49. Bf3 b4 50. axb4 cxb4 51. Bd1 Kf7 52. Ke3 (52. cxb4 $11 Rxb4 53. Rxb4 Rxb4 54. Rc1) 52... Rg8 ({Better is} 52... b3 $1 $15) 53. cxb4 Rgb8 54. Kd4 axb4 {Accuracy: White = 55%, Black = 59%.} 1/2-1/2